000 00510nam a2200193Ia 4500
003 IN-BaIIA
008 211028s9999 xx 000 0 eng d
040 _cIIA Library
080 _a52
_bGRU
100 _aGruson, Hermann
_91199
245 0 _aIm reiche des lichtes
_bsonnes, zodiak, ellichte kometen
_cHermann Gruson
260 _aBraunschweig
_bGeorge Westermann
_c1895
300 _axi, 263p.
650 _aArchives
650 _aComets
_9755
650 _aSolar system
650 _aSun
_91200
942 _cBK
999 _c529
_d529